| 000 | 00696na a2200253 4500 | ||
|---|---|---|---|
| 001 | 24085 | ||
| 003 | MIRAKIL | ||
| 005 | 20181213155329.0 | ||
| 008 | 180321b tu 000 0 | ||
| 040 |
_aMilas _btur _cTR-AnCHP |
||
| 041 | _atur | ||
| 082 |
_a301.561 _bG74t 1963 |
||
| 090 | _a301.561 G74t 1963 | ||
| 100 | _aGökalp, Ziya | ||
| 245 |
_aTürkçülüğün esasları _cZiya Gökalp |
||
| 250 | _a5. bs. | ||
| 260 |
_aİstanbul _bVarlık yayınevi _c1963 _fEkin Basımevi |
||
| 300 |
_a126 s. _c17 sm. |
||
| 440 |
_aVarlık yayınları _v982 |
||
| 490 |
_aVarlık Büyük Cep kitapları _v80 |
||
| 650 | _aTürkçülük | ||
| 650 | _aMilliyetçilik, Türk | ||
| 942 |
_2ddc _cBKS |
||
| 999 |
_c10645 _d10645 |
||